Human rights in 21st century : (Record no. 94860)

MARC details
000 -LEADER
fixed length control field 00612nam a22001937a 4500
005 - DATE AND TIME OF LATEST TRANSACTION
control field 20150908125330.0
010 ## - LCCN (DPL NO)
LC control number ENG-113449
020 ## - INTERNATIONAL STANDARD BOOK NUMBER
Terms of availability 1100.00
International Standard Book Number 9789350351666
035 ## - SYSTEM CONTROL NUMBER
System control number EN-96981
037 ## - SOURCE OF ACQUISITION
Source of stock number/acquisition DBAD/PUB
082 ## - DEWEY DECIMAL CLASSIFICATION NUMBER
Classification number 341.48
245 ## - TITLE STATEMENT
Title Human rights in 21st century :
Statement of responsibility, etc edited by Gurdip Singh [and] V.K.Ahuja
Remainder of title changing dimensions /
260 ## - PUBLICATION, DISTRIBUTION, ETC. (IMPRINT)
Place of publication, distribution, etc Delhi
Name of publisher, distributor, etc Universal Law Publishing
Date of publication, distribution, etc 2012
270 ## - ADDRESS
Address A-58, G.T. Karnal Road Industrial Area,
City Delhi
Postal code 110033
300 ## - PHYSICAL DESCRIPTION
Extent xiii,949p.
Dimensions 25cm(Hb)
700 ## - ADDED ENTRY--PERSONAL NAME
Personal name Gurdip Singh
700 ## - ADDED ENTRY--PERSONAL NAME
Personal name Ahuja, V.K.
942 ## - ADDED ENTRY ELEMENTS (KOHA)
Source of classification or shelving scheme Dewey Decimal Classification
Item type English Books
Call number suffix HUM
Classification part 341.48
Holdings
Withdrawn status Lost status Not for loan Collection code Home library Current library Date acquired Source of acquisition Cost, normal purchase price Full call number Barcode Copy number Cost, replacement price Koha item type
    Not For Loan Non-fiction D.B.Act.Division D.B.Act.Division 13/07/2015 DBAD/PUB 1100.00 341.48 HUM EN-96981 1 1100.00 English Books

© Delhi Public Library
Hit Counter
free hit counter